Power and choice : an introduction to political science

Gorde:
Xehetasun bibliografikoak
Egile nagusia: Shively, W. Phillips, 1942-
Formatua: Liburua
Argitaratua: McGraw-Hill 2001
Etiketak: Etiketa erantsi
Etiketarik gabe, Izan zaitez lehena erregistro honi etiketa jartzen!
Thư viện lưu trữ: Mạng thư viện Đại học Đà Nẵng
LEADER 00580nam a2200229 a 4500
001 000029158
003 16499
005 20171030145630.0
008 171030s2001
040 |a LTT 
082 0 |a 320  |b SH-W 
100 1 |a Shively, W. Phillips, 1942- 
245 0 0 |a Power and choice : an introduction to political science  |c W. Phillips Shively. 
260 |b McGraw-Hill  |c 2001 
500 |a ASIA 
OWN |a LTT 
999 |a From the UDN01 
TYP |a Monograph 
TYP |a Printed language 
980 |a Mạng thư viện Đại học Đà Nẵng